| 000 | 00608nam a2200181 a 4500 | ||
|---|---|---|---|
| 005 | 20251106063902.0 | ||
| 008 | 010621s1999 r 000 0 eng d | ||
| 020 | _a9508020873 | ||
| 035 | _aUPN01000108769 | ||
| 049 | _aCG | ||
| 050 | 4 |
_aLB2822.75 _bP7.4 |
|
| 100 | 1 |
_aPruzzo de Di Pego, Vilma _929881 |
|
| 245 | 1 | 0 |
_aEvaluación curricular : _bEvaluación para el aprendizaje : una propuesta para el proyecto curricular institucional / _cVilma Pruzzo de Di Pego. |
| 260 |
_aBuenos Aires : _bEspacio, _c1999. |
||
| 300 |
_a223 p. : _bil., cuadros |
||
| 650 | 4 |
_aEvaluación curricular _91717 |
|
| 905 | _aLibro | ||
| 999 |
_c82680 _d82680 |
||